000 00334nam a2200145Ia 4500
003 OSt
005 20231218061903.0
008 170524s9999 xx 000 0 und d
020 _a9788173918520
040 _cIIMT UNIVERSITY
100 _aRAO- N.V.
245 0 _aMASS COMMUNICATION
260 _bNEW DELHI: KANISHKA
942 _2ddc
_c01
999 _c9373
_d9373